| 000 | 01062cam a22003015a 4500 | ||
|---|---|---|---|
| 001 | 017372748 | ||
| 003 | OSt | ||
| 005 | 20201128023721.0 | ||
| 008 | 150518s2015 nyua frbd 001 0 eng d | ||
| 020 | _a9789814577373 (pbk.) | ||
| 020 | _a9814577375 | ||
| 040 |
_aStDuBDS _beng _cStDuBDS _dEG-ScBUE |
||
| 082 | 0 | 4 |
_222 _a658.4012 _bPEA |
| 100 | 1 |
_aPearce, John A. _939812 |
|
| 245 | 1 | 0 |
_aStrategic management : _bplanning for domestic & global competition / _cJohn A. Pearce, Richard B. Robinson. |
| 246 | 3 |
_aStrategic management : _bplanning for domestic and global competition / |
|
| 250 | _a14th ed., International student ed. | ||
| 260 |
_aNew York : _bMcGraw Hill Education, _c2015. |
||
| 300 |
_a(various pagings) : _bill. ; _c26 cm. |
||
| 500 | _aPrevious edition : 2013. | ||
| 500 | _aIncludes index and glossary. | ||
| 504 | _aIncludes bibliographical references. | ||
| 650 | 7 |
_aStrategic planning. _2BUEsh _91643 |
|
| 651 | _2BUEsh | ||
| 653 |
_bBUSADM _cApril2016 |
||
| 700 | 1 | 0 |
_aRobinson, Richard B. _q(Richard Braden), _d1947- _e. |
| 942 | _2ddc | ||
| 999 |
_c21617 _d21589 |
||